Представление документа в формате RUSMARC

ПолеНазваниеЗначение
  Тип записи a
  Библиографический уровень m
001 Контрольный номер RU/SLIB/B/208738342
005 Дата корректировки 20260122145826.5
010 Индекс ISBN __
a ISBN 5-8451-0607-9
d Цена 67-80
101 Язык документа 0_
a Язык текста rus
c Язык оригинала rus
200 Заглавие и сведения об ответственности 1_
a Заглавие Мифы
e Сведения, относящиеся к заглавию энциклопедия
f Первые сведения об ответственности текст В. Макаревич ; ил.: В. Бухарев, К. Борисов, Л. Насыров
b Общее обозначение материала Текст
210 Выходные данные 1_
a Место издания М.
c Издательство Росмэн
d Дата издания 2001
215 Физическое описание __
a Объем 128 с.
c Иллюстрации/тип воспроизводства ил.
225 Серия 2_
a Серия Энциклопедия
330 Аннотация __
a Аннотация В книге описаны мифы Древней Греции, Египта, мифы о сотворении мира и библейские предания.
606 Тематические рубрики __
a Основная рубрика Фольклор
y Географическая подрубрика Греция; Египет; Троя; Австралия; Двуречье
606 Тематические рубрики __
a Основная рубрика Мировой фольклор
610 Ключевые слова 0_
a Ключевые слова мифология; боги; сотворение мира; пророки; подвиги; герои; Зевс; Геракл; Ахилл; Гектор; Троянская война; Осирис; мифы; войны
686 Индексы других классификаций __
a Классификационный индекс ст84.2(0)я2
702 Вторичная интеллектуальная ответственность _1
a Фамилия Макаревич
b Имя В.
4 Код отношения Автор
4 Код отношения 070
702 Вторичная интеллектуальная ответственность _1
a Фамилия Бухарев
b Имя В.
4 Код отношения Художник
4 Код отношения 040
702 Вторичная интеллектуальная ответственность _1
a Фамилия Борисов
b Имя К.
4 Код отношения Художник
4 Код отношения 040
702 Вторичная интеллектуальная ответственность _1
a Фамилия Насыров
b Имя Л.
4 Код отношения Художник
4 Код отношения 040
801 Источник записи _0
a Страна RU
b Организация Муниципальное бюджетное учреждение культуры "Централизованная библиотечная система" г. Сургут (Центральная городская библиотека им. А. С. Пушкина)
g Правила каталогизации КиК/Тесленко
801 Источник записи _1
a Страна RU
b Организация Муниципальное бюджетное учреждение культуры "Централизованная библиотечная система" г. Сургут (Центральная городская библиотека им. А. С. Пушкина)
g Правила каталогизации КиК/Тесленко
852 Данные о местонахождении __
j Шифр хранения ст84.2(0)я2
c Каталожный индекс ст84.2(0)я2
i Авторский знак М 68
901 Тип документа 1_
t Тип документа m
903 Характеристики (МАРС) __
a Дата передачи 20050316 ; 20030516
969 Тип издания __
a Тип издания энциклопедия
990 Данные о заказе (DOS) __
j Количество экземпляров (DOS) 1; 5
t N записи в КСУ для И/У (DOS) 200503; 200305